wales rugby quiz - Statistics

General Stats
  • This quiz has been taken 942 times
  • The average score is 9 of 15
Answer Stats
Hint Answer % Correct
williams
87%
williams
87%
williams
87%
north
86%
halfpenny
82%
davies
78%
jones
72%
biggar
68%
roberts
66%
cuthbert
63%
phillips
58%
hook
50%
knoyle
16%
beck
15%
priesland
6%
No matching quizzes found
Score Distribution
Percent of People with Each Score
Percentile by Number Answered
Your Score History
You have not taken this quiz